Statistics for History by Letter - K

Click here to take the quiz!

General Stats

  • This quiz has been taken 23,556 times
    (23,452 since last reset)
  • The average score is 13 of 22

Answer Stats

Hint Answer % Correct
Civil rights activist who had
a dream
Martin Luther King
98%
Lee Harvey Oswald's victimJohn F. Kennedy
91%
Japanese suicide pilotsKamikaze
90%
Japan's capital until 1869Kyoto
82%
Title of the German emperorKaiser
78%
First leader of North KoreaKim Il-Sung
74%
Fortified area of Moscow, inhabited
since the 2nd century BC
Kremlin
72%
Peninsula that was divided at the
38th parallel in 1953
Korea
71%
Author of "The Jungle Book"Rudyard Kipling
68%
Term for an armoured mounted
soldier of the Middle Ages
Knight
66%
Lord who calculated absolute zeroLord Kelvin
60%
Khan who conquered ChinaKublai Khan
60%
Indonesian volcano that blew
its top in 1883
Krakatoa
60%
Border area disputed by India,
Pakistan, and China
Kashmir
57%
Ayatollah who led Iran from
1979 - 1989
Ruhollah Khomeini
57%
Canadian region with an 1896 gold rushKlondike
47%
Distinctive curved sword of the samuraiKatana
44%
Southeast Asian empire with
Angkor as its capital
Khmer Empire
44%
Term for an Israeli collectiveKibbutz
42%
Site of the Mau Mau uprisingKenya
32%
Raft used by Thor Heyerdahl to sail
from Peru to Polynesia
Kon-Tiki
29%
German arms company that used
slave labor in WWII
Krupp
13%

Score Distribution

Percentile by Number Answered

Percent of People with Each Score

Your Score History

You have not taken this quiz since the last reset